| 000 | 00997nam a22002897a 4500 | ||
|---|---|---|---|
| 001 | 5870 | ||
| 003 | FISKH | ||
| 005 | 20250127111629.0 | ||
| 008 | 250127b cb ||||| |||| 00| 0 eng d | ||
| 020 | _a9780531266243 | ||
| 040 |
_aFISKH _beng _cFISKH _dFISKH |
||
| 050 | _aE441.B64 | ||
| 082 | _a306.3 | ||
| 100 |
_aF.Blashfield, Jean _d(1939–2014) |
||
| 245 |
_aSlavery in America / _cJean F. Blashfield |
||
| 250 | _aThis edition first published in 2012 | ||
| 260 |
_aNew York : _bChildren, _c2012. |
||
| 300 |
_a48 pages : _bcolor illustrations ; _c22 cm |
||
| 505 | _aW | ||
| 520 | _aDescribes the history of slavery in the United States, from colonial times to the end of the Civil War, and includes information on the slave trade, the Underground Railroad, and the lives of African Americans after emancipation. | ||
| 521 | 8 |
_a850
_bLexile |
|
| 521 | 8 |
_aW
_bRaz-Plus |
|
| 650 |
_2Slavery _aHistory |
||
| 650 |
_2Civil War _aAfrican |
||
| 942 |
_2ddc _cBK _n0 |
||
| 999 |
_c5870 _d5870 |
||